00445nam a2200169Ia 4500003000400000005001700004008004100021020001800062040000700080041000800087082002100095100003600116245004500152260003700197300001800234650002300252OSt20230401113618.0210423s2006 xx 000 0 und d a0-7167-8628-1 cAL aeng a541.3 223bATKP aATKINS (Peter);PAULA (Julio de) aPhysical chemistry for the life sciences aNew YorkbW H Freeman & Coc2006 axviii,699bHB aPhysical Chemistry